LEADER 03874nam 2200637Ia 450 001 996213956203316 005 20210831211900.0 010 $a1-118-67193-7 010 $a1-118-66640-2 010 $a1-118-67249-6 035 $a(CKB)2550000001094879 035 $a(EBL)1184575 035 $a(OCoLC)843640322 035 $a(SSID)ssj0000726691 035 $a(PQKBManifestationID)11432970 035 $a(PQKBTitleCode)TC0000726691 035 $a(PQKBWorkID)10683529 035 $a(PQKB)11395210 035 $a(MiAaPQ)EBC1184575 035 $a(Au-PeEL)EBL1184575 035 $a(CaPaEBR)ebr10726737 035 $a(CaONFJC)MIL501789 035 $a(PPN)176588787 035 $a(EXLCZ)992550000001094879 100 $a20071012d2007 uy 0 101 0 $aeng 135 $aur|n|---||||| 181 $ctxt 182 $cc 183 $acr 200 00$aPost-perovskite$b[electronic resource] $ethe last mantle phase transition /$fKei Hirose ... [et al.], editors 210 $aWashington, DC $cAmerican Geophysical Union$dc2007 215 $a1 online resource (297 p.) 225 1 $aGeophysical monograph series,$x0065-8448 ;$v174 300 $aDescription based upon print version of record. 311 $a0-87590-439-4 311 $a1-299-70538-3 320 $aIncludes bibliographical references. 327 $aTitle Page; Contents; Preface; An Introduction to Post-Perovskite: The Last Mantle Phase Transition; Section I: Mineral Physics (Experimental); Review of Experimental Studies on Mantle Phase Transitions; Discovery of Post-Perovskite Phase Transition and the Nature of D. Layer; Effect of Iron on the Properties of Post-Perovskite Silicate; Electronic Transitions and Spin States in the Lower Mantle; Lattice-Preferred Orientation of Lower Mantle Materials and Seismic Anisotropy in the D. Layer; Section II: Mineral Physics (Theoretical) 327 $aThermodynamic Properties and Stability Field of MgSiO3 Post-PerovskiteThe High-Temperature Elasticity of MgSiO3 Post-Perovskite; Effect of Chemistry on the Physical Properties of Perovskite and Post-Perovskite; Section III: Seismology; Reconciling the Post-Perovskite Phase With Seismological Observations of Lowermost Mantle Structure; Predicting a Global Perovskite and Post-Perovskite Phase Boundary; Seismic Anisotropy of Post-Perovskite and the Lowermost Mantle; Constraints on the Presence or Absence of Post-Perovskite in the Lowermost Mantle From Long-Period Seismology; Section IV: Dynamics 327 $aMantle Dynamics and the D"" Layer: Impacts of the Post Perovskite PhaseInfluence of the Post-Perovskite Transition on Thermal and Thermo-Chemical Mantle Convection; The Dynamical Influences From Physical Properties in the Lower Mantle and Post-Perovskite Phase Transition; Deformation-Induced Mechanical Instabilities at the Core-Mantle Boundary 330 $aPublished by the American Geophysical Union as part of the Geophysical Monograph Series, Volume 174.Discovery of the perovskite to post-perovskite phase transition in MgSiO3, expected to occur for deep mantle conditions, was first announced in April 2004. This immediately stimulated numerous studies in experimental and theoretical mineral physics, seismology, and geodynamics evaluating the implications of a major lower mantle phase change. A resulting revolution in our understanding of the D? region in the lowermost mantle is well underway. This monograph presents the 410 0$aGeophysical monograph ;$v174. 606 $aPerovskite (Mineral) 606 $aOxide minerals 615 0$aPerovskite (Mineral) 615 0$aOxide minerals. 676 $a551.1/16 701 $aHirose$b Kei$0907057 801 0$bMiAaPQ 801 1$bMiAaPQ 801 2$bMiAaPQ 906 $aBOOK 912 $a996213956203316 996 $aPost-perovskite$92028942 997 $aUNISA LEADER 01217nam 2200349Ia 450 001 996389151903316 005 20221108044537.0 035 $a(CKB)1000000000642053 035 $a(EEBO)2240945793 035 $a(OCoLC)12599709 035 $a(EXLCZ)991000000000642053 100 $a19850925d1691 uy | 101 0 $aeng 135 $aurbn||||a|bb| 200 14$aThe English grammar$b[electronic resource] $esetting forth the grounds of the English tongue, and particularly its genius in making compounds and derivatives, with many other useful and curious observations ... : with a prefatory$fby Guy Miege, Gent 205 $aThe second edition. 210 $aLondon $cPrinted for John Wyat ... and Samuel Clement ...$d1691 215 $a[17], 180 p 300 $aErrata: p. [15]. 300 $aReproduction of original in Bodleian Library. 330 $aeebo-0014 606 $aEnglish language$xGrammar$vEarly works to 1800 615 0$aEnglish language$xGrammar 700 $aMiege$b Guy$f1644-1718?$01002359 801 0$bEAA 801 1$bEAA 801 2$bm/c 801 2$bWaOLN 906 $aBOOK 912 $a996389151903316 996 $aThe English grammar$92345067 997 $aUNISA